000 01049cam a22002411i 4500
003 OSt
005 20260114130021.0
008 260101s1907 ua g 000 0 ara c
040 _aSA-MaUQU
_bara
_cSA-RiAUC
_erda
082 0 _a416
_qSA-RiAUC
090 _aم ن 416
_bع ب د ح
100 1 _aعبد الحميد قدس، عبد الحميد بن محمد علي قدس بن عبد القادر،
_d1280-1335 هجري
_eمؤلف.
245 1 0 _aفتح الجليل الكافي بمتممة متن الكافي في علمي العروض والقوافي /
_cتأليف عبدالحميد بن محمد علي قدس.
250 _aالطبعة الأولى.
264 1 _aمصر :
_bالمطبعة الحسينية المصرية،
_c1907
300 _a128 صفحة ؛
_c24 سم
336 _aنص
_btxt
_2rdacontent
_3كتاب
337 _aبدون وسيط
_bn
_2rdamedia
338 _aمجلد
_bnc
_2rdacarrier
650 7 _aالعروض والقوافي
_2aucsh
942 _2ddc
_cRBOOK COPY
_n0
949 _aSA-JeALM
_d260101
_umohamedma123
_n1
999 _c14056
_d14056